000 00571nam a22001817a 4500
999 _c176933
_d176933
005 20210203104427.0
010 _aENG-128932
020 _a978-93-90030-90-3
_c164.00
035 _aEN-112464
037 _bDBAD/PUB
082 _a181.41
100 _aNaragatti, Siddappa
245 _aKarma: the Philosophy Impact on Life
_cSiddappa Naragatti
260 _aDelhi
_bBlue Rose Publishers
_c2020
270 _bDelhi
_e110002
_a4233/1, Ansari Road, Darya Ganj
_minfo@bluerosepublishers.com
300 _a149p.
_c21cm(pbk)
942 _2ddc
_cEN
_h181.41
_mNAR